Proyecto : nivelación de niños en situación de extraedad 1984-1985: guía de estudio : matemáticas : sexto grado.

Guardado en:
Bibliografiske detaljer
Institution som forfatter: México. Presidencia de la República Secretaría de Educación Pública
Format: Bog
Sprog:spansk
Fag:
Tags: Tilføj Tag
Ingen Tags, Vær først til at tagge denne postø!

MARC

LEADER 00000cam^a2200000uu^4500
001 000460183
005 20250521000000.0
008 050901s1985^^^^^^^^^^^^rd^r^^000^0^spa^d
009 20260526145734.019
035 |a FCE 000002651 
035 |a FCE 009854 
037 |a Acervo ITESO - Biblioteca 
041 |a spa 
082 0 4 |a 372.19  |b SEP 6o.año 
110 |a México. Presidencia de la República  |b Secretaría de Educación Pública 
245 1 0 |a Proyecto :  |b nivelación de niños en situación de extraedad 1984-1985: guía de estudio : matemáticas : sexto grado. 
264 |a México :  |b SEP,  |c 1985. 
300 |a 164 p. 
336 |a texto  |b txt  |2 rdacontenido 
337 |a sin mediación  |b n  |2 rdamedio 
338 |a volumen  |b nc  |2 rdasoporte 
649 |a XX 
650 |a Guía de estudio 
650 |a Atraso escolar 
910 |a Fondo Centro de Estudios Educativos 
920 |a Impresos - Libros 
930 |a Fondos Especiales 
905 |a 133 
901 |a ALE009854  |b IT2  |c CEE  |u 20250521 
902 |a https://opac.biblio.iteso.mx/vufind/Record/000460183